000 00363nam a22001457a 4500
003 macl
005 20180407170307.0
008 180407b xxu||||| |||| 00| 0 eng d
040 _cmacl
100 _aMadan Mohan Upadhyay
_971808
245 _aThe Mster Key to Success
260 _aNew Delhi
_bManjul Pub.
_c2015
650 _aMotivation
_917135
942 _2ddc
_cBK
999 _c57556
_d57556